000 00403nam a22001697a 4500
003 MPLRDC
005 20220104143129.0
008 210129b ||||| |||| 00| 0 eng d
082 _a528.956 DJ
100 _a狄季著
245 _a图解桌球技艺
_c
250 _a一版一刷
260 _a
_b福建科学技术出版社
_c1986
300 _b
650 _a桌球
942 _cBK
_o528.956 DJ
999 _c36911
_d36901